Les paroles anglaises dans Heya de Ive - Statistiques

Statistiques générales
  • Ce quiz a été pris 6 fois
  • Le résultat moyen est 31 sur 63
Statistiques - réponses
Paroles % Correct
After
75%
At
75%
Attention
75%
Bite
75%
Bite
75%
Bite
75%
Ever
75%
Eyes
75%
Get
75%
Get
75%
I
75%
It
75%
It
75%
It
75%
It
75%
Keep
75%
Let's
75%
Look
75%
Now
75%
Pay
75%
Tiger
75%
Up
75%
Attitude
50%
Baby
50%
Catch
50%
Catch
50%
Da
50%
Da
50%
Da
50%
Da
50%
Da
50%
Da
50%
Da
50%
Da
50%
Da
50%
For
50%
Happily
50%
Listen
50%
Out
50%
Pose
50%
Ready
50%
Say
50%
Say
50%
Watch
50%
Ya
50%
Ya
50%
And
25%
Chew
25%
Claw
25%
Huh
25%
Nope
25%
Right
25%
Swallow
25%
Uh
25%
When
25%
Dun
0%
Dun
0%
Dun
0%
Dun
0%
Dun
0%
Dun
0%
Yeah
0%
Yes
0%
Aucun quiz correspondant
Distribution des résultats
% des personnes avec chaque résultat
Percentile par nombre de réponses
Votre historique - résultats
Vous n’avez pas pris ce quiz